[Event "East Lansing (Beg/3/1)"]
[Site "?"]
[Date "1995.??.??"]
[Round "?"]
[White "DeVries, B."]
[Black "Banks, David"]
[Result "1-0"]
[WhiteElo "1605"]
[BlackElo "1605"]
[PlyCount "72"]
[EventDate "1995.??.??"]

{3/(1)} 1. e4 e5 2. Nf3 d6 3. d4 Bg4 4. d5 Nf6 5. Nc3 h6 6. Be2 Be7 7. O-O O-O
8. b3 a6 9. Nd2 Qd7 10. h3 Bxe2 11. Nxe2 c6 12. Nf3 cxd5 13. exd5 e4 14. Nfd4
Nxd5 15. c4 Nc7 16. Bf4 Bf6 17. Rc1 b5 18. c5 Nd5 19. Bxd6 Be7 20. Bxe7 Qxe7
21. Nf5 Qe5 22. Nd6 e3 23. f4 Nxf4 24. Rxf4 Nd7 25. Nxf7 Qe7 26. Nd6 Rxf4 27.
Qd5+ Kh7 28. Nxf4 Rf8 29. Qd3+ Kg8 30. Ng6 Qf6 31. Rf1 Qxf1+ 32. Qxf1 Rxf1+ 33.
Kxf1 Nxc5 34. g4 Kh7 35. Ne5 g6 36. Ke2 {[Black played the illegal 36...Nf4+.
1-0, 66?]} Ne4 1-0

[Event "East Lansing (MI Op/5/35)"]
[Site "?"]
[Date "1995.??.??"]
[Round "?"]
[White "DeRyke, S."]
[Black "Smith, Daryn"]
[Result "1/2-1/2"]
[WhiteElo "1815"]
[BlackElo "1825"]
[PlyCount "144"]
[EventDate "1995.??.??"]

{5/(35)} 1. e4 e5 2. Nf3 Nc6 3. Bb5 a6 4. Ba4 Nf6 5. O-O Be7 6. Re1 b5 7. Bb3
O-O 8. c3 d6 9. h3 Na5 10. Bc2 c5 11. d4 Nc6 12. d5 Na7 13. Nbd2 h6 14. Nf1 Nh7
15. Ng3 Bd7 16. Be3 Nc8 17. Qd2 Ng5 18. Nxg5 Bxg5 19. f4 exf4 20. Bxf4 c4 21.
Rf1 Re8 22. Rf3 Re5 23. Raf1 f6 24. Qe2 Bxf4 25. Rxf4 Qe8 26. Qf3 Qg6 27. Nf5
Bxf5 28. exf5 Qf7 29. Re4 Ra7 30. Rxe5 dxe5 31. Rd1 Nd6 32. Qe3 Qc7 33. Rf1 a5
34. Rf3 Rb7 35. g4 Qb6 36. Kf2 Kf7 37. Ke2 Qxe3+ 38. Rxe3 Ke7 39. h4 Rc7 40. g5
hxg5 41. hxg5 Rc5 42. g6 Rxd5 43. Be4 Rc5 44. Bc2 b4 45. Kf3 Kd7 46. Kg4 Kc6
47. Ba4+ Kc7 48. Bc2 Kb6 49. Ba4 e4 50. Bd7 Re5 51. Be6 Kc5 52. a4 bxa3 53.
bxa3 Nb5 54. a4 Nc7 55. Kf4 Nxe6+ 56. fxe6 Kd6 57. Rxe4 Rxe4+ 58. Kxe4 Kxe6 59.
Kd4 f5 60. Kxc4 Ke5 61. Kd3 f4 62. c4 Kd6 63. Ke4 Kc5 64. Kxf4 Kxc4 65. Ke4 Kb4
66. Ke5 Kxa4 67. Ke6 Kb3 68. Kf7 a4 69. Kxg7 a3 70. Kh7 a2 71. g7 a1=Q 72.
g8=Q+ Kb2 1/2-1/2

[Event "East Lansing (MI Op/1b/16)"]
[Site "?"]
[Date "1995.??.??"]
[Round "?"]
[White "DeRyke, S."]
[Black "Garrison, Ray"]
[Result "0-1"]
[WhiteElo "1815"]
[BlackElo "1945"]
[PlyCount "52"]
[EventDate "1995.??.??"]

1. e4 e6 2. d4 d5 3. Nc3 Bb4 4. e5 c5 5. a3 Ba5 6. Nf3 cxd4 7. Qxd4 Nc6 8. Bb5
Nge7 9. O-O Bd7 10. Qd3 Ng6 11. Bxc6 Bxc6 12. b4 Bc7 13. Re1 d4 14. Nxd4 Nxe5
15. Qd1 Qh4 16. Nxc6 Nxc6 17. g3 Qc4 18. Bb2 Rd8 19. Qc1 O-O 20. Re4 Rd4 21.
Qe3 Bb6 22. Rxd4 Bxd4 23. Qe1 Ne5 24. Kg2 Qc6+ 25. Kf1 Nf3 26. Qd1 Bxc3 0-1

[Event "East Lansing (MI Op/4/35)"]
[Site "?"]
[Date "1995.??.??"]
[Round "?"]
[White "DeRyke, S."]
[Black "Croel, Duane"]
[Result "0-1"]
[WhiteElo "1815"]
[BlackElo "1835"]
[PlyCount "66"]
[EventDate "1995.??.??"]

{4/(35)} 1. e4 c5 2. Nf3 d6 3. Bc4 e6 4. O-O Nc6 5. d4 cxd4 6. Nxd4 Nf6 7. Nc3
a6 8. a3 Be7 9. Be3 O-O 10. f4 Qc7 11. Ba2 Bd7 12. f5 e5 13. Nf3 Qa5 14. b4 Qd8
15. Qd3 Ng4 16. Nd5 Nxe3 17. Qxe3 b5 18. Nxe7+ Nxe7 19. f6 Ng6 20. fxg7 Kxg7
21. Ng5 f5 22. exf5 Rxf5 23. Rxf5 Bxf5 24. Rf1 Nf4 25. Nf7 Qf6 26. g3 Qg6 27.
Kf2 Rc8 28. c3 Bh3 29. Rd1 Qc2+ 30. Rd2 Qc1 31. gxf4 Qf1+ 32. Kg3 exf4+ 33.
Qxf4 Rxc3+ 0-1

[Event "East Lansing (MOR/2/33)"]
[Site "?"]
[Date "1995.??.??"]
[Round "?"]
[White "DeBlasio, N."]
[Black "Sundeen, David"]
[Result "0-1"]
[WhiteElo "1605"]
[BlackElo "1710"]
[PlyCount "66"]
[EventDate "1995.??.??"]

{2/(33)} 1. Nc3 g6 2. Nf3 Bg7 3. d4 Nf6 4. e4 d6 5. h3 O-O 6. Bf4 Nbd7 7. Qd2
Re8 8. O-O-O a6 9. Bc4 c5 10. d5 b5 11. Be2 b4 12. Nb1 Nxe4 13. Qe3 Nef6 14. g4
Nb6 15. c4 Bxg4 16. h4 a5 17. Rdg1 Bh5 18. Nh2 Bxe2 19. Qxe2 Qd7 20. Nf1 Qf5
21. Be3 Qd7 22. Nfd2 e6 23. Nf3 exd5 24. Qd2 d4 25. Bh6 Nxc4 26. Qg5 Ne4 27.
Qh5 gxh5 28. Bxg7 Re6 29. Bh6+ Rg6 30. Rg2 Rxg2 31. Ng5 Nxf2 32. Re1 Nd3+ 33.
Kd1 Ncxb2# 0-1

[Event "Eastpointe (MCO/6/32)"]
[Site "?"]
[Date "1995.??.??"]
[Round "?"]
[White "DeBlasio, N."]
[Black "Sturgis, Derreck"]
[Result "1-0"]
[WhiteElo "1605"]
[BlackElo "1605"]
[PlyCount "83"]
[EventDate "1995.??.??"]

{6/(32)} 1. Nf3 d5 2. d4 Nf6 3. Nc3 e6 4. a3 c5 5. e3 cxd4 6. exd4 Nc6 7. Bb5
Bd7 8. O-O Bd6 9. Re1 O-O 10. Ne5 Re8 11. Bg5 a6 12. Bd3 Nxd4 13. Bxh7+ Kxh7
14. Nxd7 Nxc2 15. Qxc2+ Kh8 16. Nxf6 gxf6 17. Bh4 Kg7 18. Qb3 Qc7 19. Bg3 Bxg3
20. hxg3 Rad8 21. Ne2 e5 22. Rac1 Qb8 23. Rc2 Re7 24. Rec1 d4 25. Qf3 d3 26.
Qg4+ Kf8 27. Rc8 Rxc8 28. Rxc8+ Qxc8 29. Qxc8+ Re8 30. Qxb7 dxe2 31. Qb4+ Kg7
32. Qe1 f5 33. Qxe2 e4 34. Qxa6 f6 35. a4 Kg6 36. a5 Re5 37. b4 Kg5 38. Qe2 f4
39. gxf4+ Kxf4 40. b5 f5 41. Qe3+ Kg4 42. Qg3+ 1-0

[Event "Eastpointe (MCO/2/31)"]
[Site "?"]
[Date "1995.??.??"]
[Round "?"]
[White "DeBlasio, N."]
[Black "McNeil, Yaking"]
[Result "0-1"]
[WhiteElo "1605"]
[BlackElo "1605"]
[PlyCount "40"]
[EventDate "1995.??.??"]

{2/(31)} 1. d4 c6 2. e4 d5 3. Be3 dxe4 4. Nc3 Bf5 5. Bc4 e6 6. f3 exf3 7. Nxf3
Bg4 8. O-O Bd6 9. Ne5 Bxd1 10. Rxf7 Bxe5 11. Rxb7 Bxh2+ 12. Kxh2 Qh4+ 13. Kg1
Bxc2 14. Rxg7 Nh6 15. Bf2 Qf6 16. Rb7 Ng4 17. Bg3 Qxd4+ 18. Kh1 Qxc4 19. Rc7
Nd7 20. Re1 Rf8 0-1

[Event "Eastpointe (MCO/4/39)"]
[Site "?"]
[Date "1995.??.??"]
[Round "?"]
[White "DeBlasio, N."]
[Black "Lambardo, L."]
[Result "1-0"]
[WhiteElo "1605"]
[BlackElo "1605"]
[PlyCount "76"]
[EventDate "1995.??.??"]

{4/(39)} 1. d4 e6 2. e4 d5 3. Nc3 Nf6 4. Bf4 Bb4 5. Bd2 Nc6 6. a3 Bxc3 7. Bxc3
Nxe4 8. Bb4 Qf6 9. Nf3 e5 10. dxe5 Nxe5 11. Bc3 O-O 12. Bxe5 Qe6 13. Be2 f6 14.
Bxc7 Ng5 15. Nd4 Qe4 16. O-O Rf7 17. Ba5 Re7 18. Bc3 Qg6 19. Bd3 Qf7 20. Re1
Bd7 21. Be2 Rae8 22. Bh5 g6 23. Bf3 b6 24. Rxe7 Rxe7 25. Qd2 Qe8 26. Bxd5+ Kg7
27. Nf3 Nxf3+ 28. Bxf3 Re6 29. Rd1 Bb5 30. Re1 Bc6 31. Be2 Qa8 32. f3 Re7 33.
Qd6 Rf7 34. Bc4 Bd5 35. Bxd5 Qf8 36. Qxf8+ Rxf8 37. Bb4 f5 38. Bxf8+ Kxf8 1-0

[Event "East Lansing (MOR/4/31)"]
[Site "?"]
[Date "1995.??.??"]
[Round "?"]
[White "DeBlasio, N."]
[Black "Davis, Ralph"]
[Result "1/2-1/2"]
[WhiteElo "1605"]
[BlackElo "1605"]
[PlyCount "108"]
[EventDate "1995.??.??"]

{4/(31)} 1. Nc3 Nf6 2. Nf3 e6 3. d4 Bb4 4. Qd2 c5 5. a3 Bxc3 6. Qxc3 cxd4 7.
Qxd4 Nc6 8. Qh4 O-O 9. Bg5 Qa5+ 10. b4 Qf5 11. Bxf6 Qxf6 12. Qxf6 gxf6 13. e4
b6 14. Rd1 Ne7 15. Rd6 Rd8 16. Bd3 Bb7 17. Nh4 Nc8 18. Rd4 e5 19. Rc4 Nd6 20.
Rc7 Bxe4 21. Bxe4 Nxe4 22. Nf5 Kf8 23. h4 Rac8 24. Rxc8 Rxc8 25. f3 Rxc2 26.
O-O Nd2 27. Rf2 Rc1+ 28. Kh2 Nc4 29. Re2 d5 30. Kg3 h5 31. Ne3 Nxe3 32. Rxe3
Rc4 33. b5 d4 34. Rb3 e4 35. Kf2 e3+ 36. Ke2 Rc2+ 37. Ke1 Rc1+ 38. Ke2 Rc2+ 39.
Ke1 e2 40. Rd3 Ra2 41. g4 Ra1+ 42. Kxe2 hxg4 43. fxg4 Kg7 44. Kf3 Kg6 45. Ke4
Rg1 46. Kf4 Rb1 47. h5+ Kg7 48. a4 Rb4 49. g5 fxg5+ 50. Kxg5 Rxa4 51. h6+ Kh7
52. Rf3 d3 53. Rxf7+ Kh8 54. Rf8+ Kh7 1/2-1/2

[Event "East Lansing (MOR/6/38)"]
[Site "?"]
[Date "1995.??.??"]
[Round "?"]
[White "DeBlasio, N."]
[Black "Charette, B."]
[Result "0-1"]
[WhiteElo "1605"]
[BlackElo "1605"]
[PlyCount "102"]
[EventDate "1995.??.??"]

{6/(38)} 1. Nc3 e5 2. d4 exd4 3. Qxd4 Nf6 4. Ne4 Nxe4 5. Qxe4+ Qe7 6. Qf4 Qb4+
7. c3 Qxf4 8. Bxf4 c6 9. e4 d5 10. Rd1 Be6 11. Be5 Nd7 12. Bf4 dxe4 13. Be2
Bxa2 14. Bg4 Nf6 15. Bh3 Be7 16. Ne2 O-O 17. O-O Rad8 18. Bc7 Rxd1 19. Rxd1 Nd5
20. Nc1 Nxc7 21. Nxa2 Nd5 22. c4 Nb4 23. Rd7 Nxa2 24. Rxe7 Rd8 25. Rd7 Rxd7 26.
Bxd7 g6 27. Kf1 f5 28. c5 Nb4 29. Bc8 b6 30. cxb6 axb6 31. Ke2 Nd3 32. b3 Nc1+
33. Kd1 Nd3 34. Ke2 Kg7 35. Ke3 c5 36. g4 Kf6 37. f4 h6 38. h4 Nc1 39. h5 gxh5
40. Bxf5 h4 41. Bxe4 Nxb3 42. Kd3 h3 43. Ke3 c4 44. Kf2 Na1 45. Kg3 c3 46. Kxh3
c2 47. Bxc2 Nxc2 48. Kg2 Nd4 49. Kf2 Ne6 50. Ke3 b5 51. Kd3 Nxf4+ 0-1

[Event "Detroit (WCO/3/18)"]
[Site "?"]
[Date "1995.??.??"]
[Round "?"]
[White "Davis, T."]
[Black "Zorn, G."]
[Result "1-0"]
[WhiteElo "1605"]
[BlackElo "1605"]
[PlyCount "105"]
[EventDate "1995.??.??"]

{3/(18)} 1. d4 d5 2. e3 e6 3. Bd3 Nc6 4. c4 Bd6 5. Nc3 Nf6 6. Nb5 O-O 7. Nxd6
Qxd6 8. c5 Qe7 9. Nf3 b6 10. Qc2 e5 11. O-O exd4 12. Nxd4 Nxd4 13. exd4 bxc5
14. Qxc5 Re8 15. Qxe7 Rxe7 16. Bf4 Re6 17. Bxc7 Nh5 18. Ba5 Nf4 19. Rac1 Bb7
20. Rfe1 Rxe1+ 21. Rxe1 Nxd3 22. Re7 Rc8 23. h3 Rc1+ 24. Kh2 g6 25. Rxb7 Nxf2
26. Rxa7 Rh1+ 27. Kg3 Ne4+ 28. Kf4 g5+ 29. Ke5 f6+ 30. Kxd5 f5 31. Ke5 Rd1 32.
b4 Ng3 33. b5 Rd3 34. b6 Re3+ 35. Kd5 Kf8 36. b7 Re8 37. Bb4+ Kg8 38. Ra8 Rxa8
39. bxa8=Q+ Kg7 40. Qc6 Ne2 41. a4 Nf4+ 42. Kc4 Nxg2 43. d5 Ne1 44. d6 Nf3 45.
d7 Ne5+ 46. Kd5 Nxc6 47. Kxc6 f4 48. Bc5 f3 49. d8=Q h5 50. Qxg5+ Kh7 51. Qxh5+
Kg8 52. Qxf3 Kh7 53. a5 1-0

[Event "East Lansing (Beg/1/16)"]
[Site "?"]
[Date "1995.??.??"]
[Round "?"]
[White "Davis, T."]
[Black "Strimpel, D."]
[Result "0-1"]
[WhiteElo "1605"]
[BlackElo "1605"]
[PlyCount "30"]
[EventDate "1995.??.??"]

{1/(16)} 1. e4 e5 2. Nc3 Nf6 3. Nf3 Nc6 4. Bb5 a6 5. Ba4 Bb4 6. O-O O-O 7. d3
h6 8. a3 Bxc3 9. bxc3 b5 10. Bb3 Na5 11. Ba2 Bb7 12. Nxe5 Bxe4 13. dxe4 Nxe4
14. Qf3 {[Here Black played the illegal 14...f5. 0-1, 51?]} d5 15. Qd3 Kh7 0-1

[Event "Detroit (WCO/5/17)"]
[Site "?"]
[Date "1995.??.??"]
[Round "?"]
[White "Davis, T."]
[Black "Martinez, M."]
[Result "1-0"]
[WhiteElo "1605"]
[BlackElo "1605"]
[PlyCount "45"]
[EventDate "1995.??.??"]

{5/(17)} 1. d4 d5 2. e3 Bf5 3. Be2 Nc6 4. Bd3 Nb4 5. Bxf5 e6 6. Bd3 Nxd3+ 7.
Qxd3 Bd6 8. Nc3 c5 9. Nb5 cxd4 10. Nxd6+ Qxd6 11. Qb5+ Kd8 12. Qxb7 Qc7 13.
Qxa8+ Qc8 14. Qxc8+ Kxc8 15. exd4 Nf6 16. Bg5 Ne4 17. Nf3 Nxg5 18. Nxg5 f6 19.
Nxe6 Rg8 20. O-O Kb7 21. Nc5+ Kc6 22. Rfe1 Rb8 23. Re6+ 1-0

[Event "Detroit (WCO/1/17)"]
[Site "?"]
[Date "1995.??.??"]
[Round "?"]
[White "Davis, T."]
[Black "Hill, Brad"]
[Result "0-1"]
[WhiteElo "1605"]
[BlackElo "1605"]
[PlyCount "52"]
[EventDate "1995.??.??"]

{1/(17)} 1. d4 Nf6 2. e3 c5 3. c3 d5 4. Bd3 Nc6 5. Nd2 e5 6. f4 Bg4 7. Ngf3 e4
8. Bb5 exf3 9. gxf3 Bh3 10. Rg1 cxd4 11. cxd4 Bb4 12. Rxg7 Nh5 13. Rg5 Nf6 14.
a3 Bxd2+ 15. Bxd2 a6 16. Ba4 b5 17. Bb3 h6 18. Rg3 Bf5 19. Qc1 Rc8 20. Bc3 Nh5
21. Rg5 hxg5 22. fxg5 Qxg5 23. Bxd5 Ng3 24. Kd1 Rxh2 25. f4 Qg4+ 26. Ke1 Qe2#
0-1

[Event "East Lansing (Beg/4/9)"]
[Site "?"]
[Date "1995.??.??"]
[Round "?"]
[White "Davis, T."]
[Black "Choate, Dan"]
[Result "0-1"]
[WhiteElo "1605"]
[BlackElo "1605"]
[PlyCount "86"]
[EventDate "1995.??.??"]

{4/(9)} 1. e4 e5 2. Nf3 Nc6 3. Nc3 Nf6 4. Bb5 d5 5. d3 dxe4 6. dxe4 Qxd1+ 7.
Kxd1 Bg4 8. h3 Bxf3+ 9. gxf3 O-O-O+ 10. Ke1 Bb4 11. Rg1 g6 12. a3 Bxc3+ 13.
bxc3 Rd6 14. Bg5 Nh5 15. Rd1 Rxd1+ 16. Kxd1 h6 17. Bh4 g5 18. Bxg5 hxg5 19.
Rxg5 Rd8+ 20. Kc1 Nf4 21. h4 Rh8 22. Rg4 Nh3 23. Rg3 Nxf2 24. h5 a6 25. Bc4 Nd8
26. Rh3 Nxh3 27. Bf1 Rxh5 28. c4 Nf4 29. c5 Rh1 30. Kd2 Rxf1 31. Ke3 Ra1 32. c4
Rxa3+ 33. Kf2 Nde6 34. Kf1 Rxf3+ 35. Ke1 Nxc5 36. Kd2 a5 37. Kc2 a4 38. Kb2
Rb3+ 39. Kc2 a3 40. Kd2 a2 41. Ke1 a1=Q+ 42. Kf2 Qa2+ 43. Kf1 Rb1# 0-1

[Event "East Lansing (MOR/5/36)"]
[Site "?"]
[Date "1995.??.??"]
[Round "?"]
[White "Davis, Ralph"]
[Black "Woods, I."]
[Result "1-0"]
[WhiteElo "1605"]
[BlackElo "1605"]
[PlyCount "93"]
[EventDate "1995.??.??"]

{5/(36)} 1. d4 Nf6 2. Nf3 g6 3. Nbd2 Bg7 4. c3 d6 5. e3 Nbd7 6. Bd3 e5 7. dxe5
Nxe5 8. Nxe5 dxe5 9. Nb3 O-O 10. O-O b6 11. e4 c5 12. Bc2 Bb7 13. f3 Qc7 14.
Bg5 c4 15. Nd2 Qc5+ 16. Kh1 h6 17. Bxf6 Bxf6 18. Qe2 b5 19. b3 cxb3 20. Nxb3
Qxc3 21. Qxb5 Bc6 22. Qc5 Qxc5 23. Nxc5 Bb5 24. Bd3 Bxd3 25. Nxd3 Bg5 26. Rab1
Rab8 27. Nxe5 Bf4 28. Nd7 Rxb1 29. Rxb1 Rd8 30. Rd1 Kg7 31. Kg1 f6 32. g3 Be3+
33. Kf1 Bb6 34. Ke2 Kf7 35. Nxb6 Rxd1 36. Kxd1 axb6 37. Kc2 Ke6 38. Kc3 Kd6 39.
Kb4 Kc6 40. a3 b5 41. f4 h5 42. e5 fxe5 43. fxe5 Kd5 44. Kxb5 Kxe5 45. a4 Kd6
46. Kb6 Kd7 47. Kb7 1-0

[Event "East Lansing (MOR/3/36)"]
[Site "?"]
[Date "1995.??.??"]
[Round "?"]
[White "Davis, Ralph"]
[Black "Stacey, William"]
[Result "0-1"]
[WhiteElo "1605"]
[BlackElo "1605"]
[PlyCount "94"]
[EventDate "1995.??.??"]

{3/(36)} 1. d4 Nf6 2. Nf3 Nc6 3. c3 b6 4. e3 e6 5. Bd3 Bd6 6. O-O O-O 7. Nbd2
Bb7 8. e4 Be7 9. e5 Nd5 10. Qc2 h6 11. Ne4 f5 12. exf6 Nxf6 13. Nxf6+ Bxf6 14.
Bf4 Ne7 15. Ne5 d6 16. Bh7+ Kh8 17. Ng6+ Nxg6 18. Bxg6 e5 19. dxe5 Bxe5 20.
Bxe5 dxe5 21. Be4 c6 22. Rad1 Qh4 23. Rd6 Rad8 24. g3 Qg5 25. Rfd1 Qe7 26. Rg6
c5 27. Bxb7 Qxb7 28. Rgd6 Rxd6 29. Rxd6 Qf3 30. Rd7 e4 31. Re7 Rd8 32. Re8+
Rxe8 33. Qd2 Qd3 34. Qf4 Qd1+ 35. Kg2 Qf3+ 36. Qxf3 exf3+ 37. Kxf3 Re1 38. Kf4
Re2 39. b4 Rxf2+ 40. Ke4 cxb4 41. cxb4 Rxa2 42. h4 Ra4 43. Kd5 Rxb4 44. Kc6 a5
45. Kd6 a4 46. Ke6 Rg4 47. Kf5 Rxg3 0-1

[Event "East Lansing (MOR/1b/2)"]
[Site "?"]
[Date "1995.??.??"]
[Round "?"]
[White "Davis, Ralph"]
[Black "Sattler, Peter"]
[Result "0-1"]
[WhiteElo "1605"]
[BlackElo "1775"]
[PlyCount "102"]
[EventDate "1995.??.??"]

1. d4 d5 2. Nf3 Nc6 3. c3 e6 4. e3 Nf6 5. Bd3 Bd6 6. Nbd2 e5 7. dxe5 Nxe5 8.
Nxe5 Bxe5 9. O-O O-O 10. Nf3 Bd6 11. Re1 c6 12. Qc2 h6 13. c4 Bg4 14. Nd4 Bd7
15. Nf5 Bxf5 16. Bxf5 dxc4 17. Qxc4 Qa5 18. Rd1 Bxh2+ 19. Kxh2 Qxf5 20. f3 Rfd8
21. Qb3 Qe5+ 22. Kg1 b6 23. Bd2 Rd7 24. e4 Rad8 25. Bc3 Qf4 26. Qc2 Nh5 27.
Rxd7 Rxd7 28. Rd1 Qc7 29. Re1 Nf4 30. Re3 c5 31. e5 Nd5 32. Re1 Re7 33. Qe4
Nxc3 34. bxc3 Qb7 35. Qd3 Qd7 36. Qe4 Qd2 37. e6 fxe6 38. Qa8+ Kf7 39. Qe4 Qxc3
40. Rd1 Qb4 41. Qe5 Qa4 42. Rd8 Qh4 43. Qb8 Kg6 44. Rh8 Rf7 45. Qg8 c4 46. Qh7+
Kf6 47. Qc2 Qd4+ 48. Kh2 c3 49. Rc8 Qd2 50. Qb3 Qd6+ 51. Kg1 Rc7 0-1

[Event "East Lansing (MOR/7/14)"]
[Site "?"]
[Date "1995.??.??"]
[Round "?"]
[White "Davis, Ralph"]
[Black "Eck, J."]
[Result "0-1"]
[WhiteElo "1605"]
[BlackElo "1630"]
[PlyCount "56"]
[EventDate "1995.??.??"]

{7/(14)} 1. d4 d5 2. Nf3 Bf5 3. e3 Nf6 4. Nbd2 e6 5. c4 dxc4 6. Bxc4 Be7 7. O-O
O-O 8. Re1 Nbd7 9. e4 Bg4 10. h3 Bh5 11. Qb3 Nb6 12. Bd3 a5 13. a4 Bb4 14. e5
Nfd5 15. g4 Bg6 16. Bxg6 fxg6 17. Rd1 Qe7 18. Ne4 Nf4 19. Bxf4 Rxf4 20. Neg5
Nd5 21. Ne1 Qxg5 22. Nd3 Rf3 23. Rf1 Rxh3 24. Qd1 Qh4 25. Kg2 Rf8 26. Rh1 Rxh1
27. Qxh1 Qxg4+ 28. Kf1 Ne3# 0-1

[Event "East Lansing (MI Op/6/21)"]
[Site "?"]
[Date "1995.??.??"]
[Round "?"]
[White "Davis, Michael"]
[Black "Williams, Ron"]
[Result "1/2-1/2"]
[WhiteElo "1665"]
[BlackElo "1905"]
[PlyCount "75"]
[EventDate "1995.??.??"]

{6/(21)} 1. e4 c5 2. Nc3 Nc6 3. f4 e6 4. Nf3 Be7 5. Bb5 Nf6 6. d3 O-O 7. O-O
Qb6 8. Bxc6 bxc6 9. Rb1 Ba6 10. Be3 Ng4 11. Qd2 d5 12. Bf2 Nxf2 13. Qxf2 f6 14.
e5 fxe5 15. Nxe5 Qc7 16. Rbe1 Bd6 17. Qg3 Rab8 18. Qh3 Rf6 19. Ng4 Rg6 20. f5
exf5 21. Rxf5 Rf8 22. Qf3 Rxf5 23. Qxf5 Qf7 24. Qxf7+ Kxf7 25. Ne5+ Bxe5 26.
Rxe5 Re6 27. Rxe6 Kxe6 28. Kf2 Ke5 29. a3 Bc8 30. Na4 Kd6 31. Ke3 g5 32. d4
cxd4+ 33. Kxd4 h5 34. Nc5 h4 35. g3 h3 36. b4 a6 37. a4 Kc7 38. a5 1/2-1/2

[Event "East Lansing (MI Op/5/28)"]
[Site "?"]
[Date "1995.??.??"]
[Round "?"]
[White "Davis, Michael"]
[Black "Sobocinski, Mike"]
[Result "1-0"]
[WhiteElo "1665"]
[BlackElo "2030"]
[PlyCount "109"]
[EventDate "1995.??.??"]

{5/(28)} 1. e4 c6 2. d4 d5 3. e5 Bf5 4. Ne2 e6 5. Ng3 Bg6 6. h4 h6 7. h5 Bh7 8.
Bd3 Bxd3 9. Qxd3 Qa5+ 10. Bd2 Qa6 11. Qxa6 Nxa6 12. O-O Rc8 13. c3 Ne7 14. f4
Nf5 15. Nxf5 exf5 16. Be3 g6 17. Rf3 Be7 18. Nd2 gxh5 19. Rh3 h4 20. Bf2 Kd7
21. Bxh4 Rcg8 22. Bxe7 Kxe7 23. Kf2 Rg4 24. g3 Nc7 25. Nf1 Ne6 26. Ne3 Nxf4 27.
gxf4 Rxf4+ 28. Kg3 Re4 29. Nxf5+ Kd7 30. Rxh6 Rg8+ 31. Kf3 Rgg4 32. Ng3 Rgf4+
33. Kg2 Re3 34. Rd1 Ref3 35. Rd2 Re3 36. Rf2 Rxf2+ 37. Kxf2 Rd3 38. Nf1 Rd1 39.
Kg1 Rb1 40. Rh2 b6 41. Rd2 Ra1 42. a3 Re1 43. Kf2 Re4 44. Kf3 Re1 45. Ng3 Ke6
46. Re2 Rd1 47. Rh2 c5 48. Ke2 Rb1 49. Kd3 cxd4 50. Kc2 Re1 51. cxd4 Re3 52.
Ne2 Rf3 53. Nc3 Rf4 54. Rd2 a6 55. Na4 1-0

[Event "East Lansing (MI Op/2/15)"]
[Site "?"]
[Date "1995.??.??"]
[Round "?"]
[White "Davis, Michael"]
[Black "Chehayeb, Sal"]
[Result "1/2-1/2"]
[WhiteElo "1665"]
[BlackElo "2055"]
[PlyCount "72"]
[EventDate "1995.??.??"]

1. e4 c5 2. Nc3 Nc6 3. f4 e6 4. Nf3 d5 5. e5 Nge7 6. Bb5 Qb6 7. d4 cxd4 8. Qxd4
Qxd4 9. Nxd4 Bd7 10. Bxc6 Nxc6 11. Nxc6 Bxc6 12. Be3 Be7 13. O-O O-O 14. Ne2
Bb5 15. Rfe1 Bxe2 16. Rxe2 b6 17. c3 Rac8 18. Rd1 Rc4 19. Rd4 Rc6 20. Rd1 Rfc8
21. Bd4 a6 22. Rf1 Bd8 23. f5 b5 24. fxe6 fxe6 25. Ref2 Bb6 26. Bxb6 Rxb6 27.
Rf7 b4 28. cxb4 Rxb4 29. b3 Rb6 30. Rd7 Rf8 31. Rc1 Rb4 32. Rcc7 Rg4 33. Re7
Rg6 34. Rc6 Rd8 35. Rexe6 Rxe6 36. Rxe6 d4 1/2-1/2

[Event "Ann Arbor (Mini-Swiss/3/4)"]
[Site "?"]
[Date "1995.??.??"]
[Round "?"]
[White "Davey, Scott"]
[Black "Scioly, Tony"]
[Result "1-0"]
[WhiteElo "1605"]
[BlackElo "1605"]
[PlyCount "49"]
[EventDate "1995.??.??"]

{3/(4)} 1. e4 c5 2. Nc3 d6 3. g3 Nf6 4. Bg2 g6 5. d3 Bg7 6. f4 O-O 7. Nge2 Bg4
8. O-O Nc6 9. h3 Bxe2 10. Nxe2 Qc7 11. g4 Rad8 12. Ng3 Ne8 13. f5 d5 14. Bf4
Be5 15. Qc1 dxe4 16. Bxe4 Nf6 17. fxg6 fxg6 18. Bxc6 Bd4+ 19. Kh2 Qxc6 20. c3
Bxc3 21. Qxc3 Nd5 22. Qe5 Rf6 23. Bh6 Rdd6 24. Rae1 Qe8 25. Ne4 1-0

[Event "Ann Arbor (HVA/5/4)"]
[Site "?"]
[Date "1995.??.??"]
[Round "?"]
[White "Davey, Scott"]
[Black "Santiago, Reynaldo"]
[Result "0-1"]
[WhiteElo "1605"]
[BlackElo "1965"]
[PlyCount "90"]
[EventDate "1995.??.??"]

{5/(4)} 1. e4 c5 2. Nf3 Nc6 3. d4 cxd4 4. Nxd4 g6 5. Nc3 Bg7 6. Be3 Nf6 7. f3
d6 8. Qd2 h5 9. O-O-O Bd7 10. Bc4 Rc8 11. Bb3 Na5 12. Kb1 Nc4 13. Bxc4 Rxc4 14.
h4 a6 15. Nde2 b5 16. Nf4 Qb8 17. Ncd5 Nxd5 18. Nxd5 Be6 19. Nf4 Qc8 20. Nxe6
Qxe6 21. Qd5 Qxd5 22. Rxd5 Kd7 23. Rhd1 Ke6 24. c3 Rhc8 25. Bd4 Bxd4 26. R1xd4
Rxd4 27. Rxd4 Rc5 28. Kc2 g5 29. Kb3 gxh4 30. f4 f5 31. Kb4 Rc4+ 32. Rxc4 bxc4
33. Kxc4 fxe4 34. Kd4 Kf5 35. Ke3 Kg4 36. b4 Kg3 37. a4 Kxg2 38. b5 h3 39. b6
h2 40. b7 h1=Q 41. b8=Q Qe1+ 42. Kd4 Qe2 43. Kd5 e3 44. Qg8+ Kh2 45. Qg6 Qg2+
0-1

[Event "Ann Arbor (HVA/1/7)"]
[Site "?"]
[Date "1995.??.??"]
[Round "?"]
[White "Davey, Scott"]
[Black "Kung, Fred"]
[Result "1-0"]
[WhiteElo "1605"]
[BlackElo "1880"]
[PlyCount "63"]
[EventDate "1995.??.??"]

{1/(7)} 1. e4 e5 2. Nf3 Nc6 3. Bb5 a6 4. Ba4 Nf6 5. O-O Nxe4 6. d4 b5 7. Bb3 d5
8. dxe5 Be6 9. c3 Bc5 10. Nbd2 O-O 11. Bc2 f5 12. Nxe4 dxe4 13. Ng5 Bc4 14. Bb3
Qe7 15. Bxc4+ bxc4 16. Qd5+ Kh8 17. Qxc6 Rae8 18. Qxa6 h6 19. Nh3 Qxe5 20. Nf4
Rf6 21. Ng6+ Rxg6 22. Qxg6 Re6 23. Bf4 Qd5 24. Qg3 Qb7 25. Rad1 Qxb2 26. Be5
Re7 27. Qg6 Qb8 28. Rd5 Bd6 29. Bxd6 cxd6 30. Rxd6 Qc8 31. Rfd1 Re8 32. Qxe8+
1-0

[Event "Ann Arbor (Mini-Swiss/1/4)"]
[Site "?"]
[Date "1995.??.??"]
[Round "?"]
[White "Davey, Scott"]
[Black "Flynn, J."]
[Result "0-1"]
[WhiteElo "1605"]
[BlackElo "1900"]
[PlyCount "40"]
[EventDate "1995.??.??"]

{1/(4)} 1. e4 Nf6 2. e5 Nd5 3. d4 d6 4. c4 Nb6 5. f4 dxe5 6. fxe5 Bf5 7. Nc3 e6
8. Nf3 Be7 9. d5 O-O 10. Nd4 Bg6 11. Qf3 exd5 12. cxd5 Bb4 13. Be3 Nxd5 14.
O-O-O Bxc3 15. bxc3 Nxe3 16. Qxe3 Qe7 17. c4 Nd7 18. Re1 Qb4 19. Bd3 Qa3+ 20.
Kb1 Bxd3+ 0-1

[Event "East Lansing (MEX/1/10)"]
[Site "?"]
[Date "1995.??.??"]
[Round "?"]
[White "Dangremond, Leonard"]
[Black "Zaremba, Andrei"]
[Result "1-0"]
[WhiteElo "2000"]
[BlackElo "2000"]
[PlyCount "97"]
[EventDate "1995.??.??"]

{1/(10)} 1. e4 c6 2. g3 d5 3. exd5 cxd5 4. Bg2 Nc6 5. Ne2 Nf6 6. O-O Bg4 7. h3
Bh5 8. g4 Bg6 9. d4 e6 10. Bf4 Bd6 11. c3 Qc7 12. Bxd6 Qxd6 13. Nd2 O-O 14. Re1
b5 15. b4 a5 16. a3 a4 17. Ng3 h6 18. Nf3 Ne4 19. Nxe4 Bxe4 20. Ne5 Nxe5 21.
dxe5 Qc6 22. Bxe4 dxe4 23. Qd4 Rfd8 24. Qxe4 Qxc3 25. Qe3 Rd3 26. Qb6 Rxh3 27.
Qb7 Qf3 28. Qxf3 Rxf3 29. Rac1 Rf4 30. Rc5 Rxg4+ 31. Kf1 Rh4 32. Ke2 Rb8 33.
Rd1 Rh3 34. f3 Rh2+ 35. Ke3 Ra2 36. Rd3 Rb7 37. Rc6 Kf8 38. Rc8+ Ke7 39. Rdd8
Rxa3+ 40. Kf2 f6 41. Rg8 fxe5 42. Rxg7+ Kd6 43. Rxb7 Rb3 44. Rxb5 a3 45. Ra8
Rb2+ 46. Kg3 a2 47. Ra6+ Kc7 48. Rxe5 Rxb4 49. Rexe6 1-0